Southville International School and Colleges
Your cart is empty.
  • Cart
  • Lists
    Public lists Eva Luna New books Lux_list list_1
    Your lists Log in to create your own lists
  • Log in to your account
  • Your cookies
  • Search history
Southville International School and Colleges
  • Advanced search
  • Recent comments
  • Most popular
  • Libraries

Log in to your account

Log in with GOOGLE


If you do not have an external account, but do have a local account, you can still log in:

  1. Home
  2. MARC view: Go away big green monster! /
Normal view MARC view ISBD view

Go away big green monster! / (Record no. 41938)

[ view plain ]
MARC details
000 -LEADER
fixed length control field 00620nam a2200241Ia 4500
003 - CONTROL NUMBER IDENTIFIER
control field OSt
005 - DATE AND TIME OF LATEST TRANSACTION
control field 20140312084337.0
008 - FIXED-LENGTH DATA ELEMENTS--GENERAL INFORMATION
fixed length control field 140130s9999 xx 000 0 und d
020 ## - INTERNATIONAL STANDARD BOOK NUMBER
International Standard Book Number 0590341189
050 ## - LIBRARY OF CONGRESS CALL NUMBER
Classification number PZ 7
Item number .Em565Go 1997
100 ## - MAIN ENTRY--PERSONAL NAME
Personal name Emberley, Ed.
245 ## - TITLE STATEMENT
Statement of responsibility, etc Ed Emberley.
Title Go away big green monster! /
260 ## - PUBLICATION, DISTRIBUTION, ETC. (IMPRINT)
Name of publisher, distributor, etc Scholastic Inc.,
Date of publication, distribution, etc c1997.
Place of publication, distribution, etc USA :
300 ## - PHYSICAL DESCRIPTION
Extent 40 p. :
Other physical details col. ill. ;
Dimensions 33 cm.
440 ## - SERIES STATEMENT/ADDED ENTRY--TITLE
Volume number/sequential designation 1
521 ## - TARGET AUDIENCE NOTE
Target audience note
526 ## - STUDY PROGRAM INFORMATION NOTE
Reading level 550
650 ## - SUBJECT ADDED ENTRY--TOPICAL TERM
Topical term or geographic name as entry element Toy and movable books
General subdivision Specimens.
650 ## - SUBJECT ADDED ENTRY--TOPICAL TERM
Topical term or geographic name as entry element Monsters
General subdivision Fiction.
650 ## - SUBJECT ADDED ENTRY--TOPICAL TERM
Topical term or geographic name as entry element Fear
General subdivision Fiction.
942 ## - ADDED ENTRY ELEMENTS (KOHA)
Koha item type Books
Source of classification or shelving scheme Library of Congress Classification
Holdings
Withdrawn status Lost status Source of classification or shelving scheme Damaged status Home library Current library Shelving location Date acquired Total Checkouts Full call number Barcode Date last seen Copy number Koha item type
    Library of Congress Classification   Munich Library Munich Library Scholastic Reading Center Section 01/30/2014   PZ 7 .Em565Go 1997 MS1991 01/30/2014 1 Books

Go away big green monster! /

APA

Emberley E., . (1997). Go away big green monster!. USA: Scholastic Inc.

Chicago

Emberley Ed, . 1997. Go away big green monster!. USA: Scholastic Inc.

Harvard

Emberley E., . (1997). Go away big green monster!. USA: Scholastic Inc.

MLA

Emberley Ed, . Go away big green monster!. USA: Scholastic Inc. 1997.

  • Place hold
  • Print
  • Cite
  • Add to your cart (remove)
  • Save record
    BIBTEX Dublin Core MARCXML MARC (non-Unicode/MARC-8) MARC (Unicode/UTF-8) MARC (Unicode/UTF-8, Standard) MODS (XML) RIS
  • More searches
    Search for this title in:
    Other Libraries (WorldCat) Other Databases (Google Scholar) Online Stores (Bookfinder.com) Open Library (openlibrary.org)

Exporting to Dublin Core...

SOUTHVILLE LIBRARY

Southville International School and Colleges Library

1281 Tropical Ave. Cor. Luxembourg St., BF Homes International, Las Pinas City

Tel. No. 8256374 / 252358 Loc. 117/146

Powered by Koha